Vista normal Vista MARC

Entrada Topical Term

Número de registros utilizados en: 1

001 - CONTROL NUMBER

  • control field: 7985

003 - CONTROL NUMBER IDENTIFIER

  • control field: OSt

005 - DATE AND TIME OF LATEST TRANSACTION

  • control field: 20200728134704.0

008 - FIXED-LENGTH DATA ELEMENTS

  • fixed length control field: 200728|| aca||aabn | a|a d

040 ## - CATALOGING SOURCE

  • Original cataloging agency: OSt
  • Transcribing agency: OSt

150 ## - HEADING--TOPICAL TERM

  • Topical term or geographic name entry element: Jurisdicción penal

670 ## - SOURCE DATA FOUND

  • Source citation: Work cat.: (OSt)4701: Ambos, Kai, autor 7982, Derechos humanos y derecho penal internacional / , 2005